1786 1612 1367 1658 1539 1700 1480 1876 1728 1918 1923 1508 1737 1892 1602 1876 1592 1118 1040 1893 1676 1493 1301 1116 1024 1208 1315 1206 1412 1350 1685 1401 1712 1235 1295 1331 1720 1128 1193 1050 1278 1164 1975 1647 1468 1400 1222 1430 1321 1687 1793 1588 1842 1534 1961 1252 1844 1833 1788 1204 1476 1409 1405 1632 1504 1342 1337 1809 1647 1214 1928 1846 1883 1589 1158 1927 1396 1332 1174 1527 1284 1974 1799 1800 1124 1053 1480 1823 1578 1033 1204 1371 1295 1402 1668 1147 1798 1572 1904 BCNSPRNW ULIB Ver.6.0+V

เปลี่ยนเป็นภาษาไทย

Change to English
 แสดงรายละเอียดบรรณานุกรม
  กลับหน้าหลัก

Brief Record : Get Marc (ISO 2709) : E-mail record : QR code < ปิดหน้าต่าง
LEADER : 00000nam 2200000uu 4500
001    13399111400
003     ULIB
008    110623s||||||||th 000 0 tha d
050  4 BQ988^bป373 2548
245 00 พระพรมงคลเทพมุนี (สด จนฺทสโร) มหาปูชนียาจารย์
246 14 พระมงคลเทพมุนี
300    80 หน้า :^bภาพประกอบสี .
650  7 การฝึกจิต
650  7 ชีวประวัติ
650  7 สงฆ์^zไทย^vชีวประวัติ
650  7 สมาธิ
710 2  วัดปากน้ำ (ภาษีเจริญ)
945    ^p0^l0^i021916
995    ทศพร
999 ^a ใช้งานได้ทุกระบบ
รายการนี้ยังไม่มีแท็ก
คุณยังไม่ได้ล็อกอิน คุณสามารถมีกิจกรรมร่วมกับเว็บไซต์ได้ แต่ต้องล็อกอินก่อน ::
  ล็อกอิน

รายการสื่อสารสนเทศ

ลำดับที่ ประเภท เลขเรียก/บาร์โค้ด สถานที่ สถานะ
- ไม่พบข้อมูล -

รายการใกล้เคียง
    หัวเรื่อง [ชีวประวัติ]
    หัวเรื่อง [สมาธิ]

BibComment


ยังไม่เคยถูกคอมเมนท์

คอมเมนท์ทรัพยากรรายการนี้
  คอมเมนท์: พระพรมงคลเทพมุนี ..


 Copyright 2026. Bcnsprnw @Library